<?xml version="1.0" encoding="UTF-8"?><?xml-stylesheet type="text/xsl" href="static/style.xsl"?><OAI-PMH xmlns="http://www.openarchives.org/OAI/2.0/" xmlns:xsi="http://www.w3.org/2001/XMLSchema-instance" xsi:schemaLocation="http://www.openarchives.org/OAI/2.0/ http://www.openarchives.org/OAI/2.0/OAI-PMH.xsd"><responseDate>2026-06-04T19:54:12Z</responseDate><request verb="GetRecord" identifier="oai:riuma.uma.es:10630/17728" metadataPrefix="marc">https://riuma.uma.es/rest/oai/request</request><GetRecord><record><header><identifier>oai:riuma.uma.es:10630/17728</identifier><datestamp>2026-02-03T11:37:50Z</datestamp><setSpec>com_10630_2254</setSpec><setSpec>col_10630_37960</setSpec></header><metadata><record xmlns="http://www.loc.gov/MARC21/slim" xmlns:dcterms="http://purl.org/dc/terms/" xmlns:doc="http://www.lyncode.com/xoai" xmlns:xsi="http://www.w3.org/2001/XMLSchema-instance" xsi:schemaLocation="http://www.loc.gov/MARC21/slim http://www.loc.gov/standards/marcxml/schema/MARC21slim.xsd">
   <leader>00925njm 22002777a 4500</leader>
   <datafield ind2=" " ind1=" " tag="042">
      <subfield code="a">dc</subfield>
   </datafield>
   <datafield ind2=" " ind1=" " tag="720">
      <subfield code="a">Galacho-Jiménez, Federico Benjamín</subfield>
      <subfield code="e">author</subfield>
   </datafield>
   <datafield ind2=" " ind1=" " tag="720">
      <subfield code="a">Hidalgo Calderón, Juan Carlos</subfield>
      <subfield code="e">author</subfield>
   </datafield>
   <datafield ind2=" " ind1=" " tag="260">
      <subfield code="c">2019-05-28</subfield>
   </datafield>
   <datafield ind2=" " ind1=" " tag="520">
      <subfield code="a">El promover actividades de transferencia de conocimiento con empresas, organismos y administraciones que utilicen o estén interesadas en utilizar los recursos geotecnológicos es una tarea de esta Cátedra. En base a ello se propuso al Centro Municipal de Informática (CEMI) del Ayuntamiento de Málaga el desarrollo de iniciativas de cooperación y asesoramiento en el marco del Big Data Geográfico y la normalización de información geográfica para su publicación en portales de datos abiertos. Esta experiencia se planteó como una iniciativa de cooperación y colaboración para realizar entre el Centro Municipal de Informática del Ayuntamiento de Málaga y la Cátedra de Recursos Geotecnológicos. A raíz de los diferentes contactos y reuniones se realizaron dos informes: 1) “La normalización de la información geográfica digital del Portal de Datos Abiertos del Ayuntamiento de Málaga” y 2) “La producción cartográfica de datos geográficos en el CEMI (Centro Municipal de Informática), Ayuntamiento de Málaga. Indicaciones para su utilización y difusión general a los ciudadanos” y una propuesta de actividades denominada: “Propuesta de colaboración entre la Cátedra de Recursos Geo-tecnológicos para la Economía y la Sociedad y el CEMI (Centro Municipal de Informática), Ayuntamiento de Málaga)”.  En base a ellos se pretendía consolidar un marco de colaboración duradero entre este organismo del Ayuntamiento y la Universidad para la aplicación de las geotecnologías y la normalización de la información geográfica digital del Portal de Datos Abiertos del Ayuntamiento de Málaga acorde a la normativa Inspire de la UE que deberá ser aplicada íntegramente en 2020 en todos los portales de datos abiertos de la UE.</subfield>
   </datafield>
   <datafield ind1="8" ind2=" " tag="024">
      <subfield code="a">https://hdl.handle.net/10630/17728</subfield>
   </datafield>
   <datafield tag="653" ind2=" " ind1=" ">
      <subfield code="a">Big data</subfield>
   </datafield>
   <datafield tag="653" ind2=" " ind1=" ">
      <subfield code="a">Información - Innovaciones tecnológicas</subfield>
   </datafield>
   <datafield ind2="0" ind1="0" tag="245">
      <subfield code="a">La normalización de la información geográfica digital del Portal de Datos Abiertos del Ayuntamiento de Málaga.</subfield>
   </datafield>
</record>
</metadata></record></GetRecord></OAI-PMH>